Innovation in the dissemination of scientific and technical information (Record no. 56341)

MARC details
000 -LEADER
fixed length control field 00474nam a22001097a 4500
008 - FIXED-LENGTH DATA ELEMENTS--GENERAL INFORMATION
fixed length control field 230731b |||||||| |||| 00| 0 eng d
040 ## - CATALOGING SOURCE
Original cataloging agency National Science Library
Transcribing agency National Science Library
245 ## - TITLE STATEMENT
Title Innovation in the dissemination of scientific and technical information
Statement of responsibility, etc. / Applied Communication Research, Incorporated prepared for National Science Foundation April 1975
260 ## - PUBLICATION, DISTRIBUTION, ETC.
Place of publication, distribution, etc. Washington:
Name of publisher, distributor, etc. US Department of Commerce,
Date of publication, distribution, etc. 1975
300 ## - PHYSICAL DESCRIPTION
Extent 399p.
942 ## - ADDED ENTRY ELEMENTS (KOHA)
Source of classification or shelving scheme Universal Decimal Classification
Koha item type Reference

No items available.